000 01020nam0a2200313 4500
001 RU\NLR\BIBL_A\022034771
005 20231122132153.0
010 _a978-5-222-40074-6
_925000
021 _aRU
_bКН-П-23-053409
_9КН-П-23-5366
035 _a(NLR Aleph) 022034771
090 _a12550662
_c12550662
100 _a20230925d2023 u y0rusy50 ca
101 1 _arus
102 _aRU
105 _aa z 000zy
181 0 _ai
_baxxe
182 0 _an
200 1 _a#В поисках янтарного счастья
_fДжейн Бартош
203 _aТекст
_bвизуальный
_cнепосредственный
210 _aРостов-на-Дону
_cФеникс
_d2023
215 _a268, [2] с.
_d20
225 1 _aРоман с хештегом
686 2 _aШ6(2=Р)8-440.4
700 1 _7ca
_8rus
_aБартош
_bД.
_gДжейн
_9191722
_3RU\NLR\AUTH\770191773
942 _cBOOK
980 _aNB